Govt. of
Madhya Pradesh

The Secret Politics Of Our Desires (Record no. 49565)

MARC details
000 -LEADER
fixed length control field 003460000a22001570004500
001 - CONTROL NUMBER
control field 000258
003 - CONTROL NUMBER IDENTIFIER
control field MACL
040 ## - CATALOGING SOURCE
Original cataloging agency MACL
090 ## - LOCALLY ASSIGNED LC-TYPE CALL NUMBER (OCLC); LOCAL CALL NUMBER (RLIN)
-- 258
-- 258
100 ## - MAIN ENTRY--PERSONAL NAME
Personal name Nandy, Ashis
245 ## - TITLE STATEMENT
Title The Secret Politics Of Our Desires
Statement of responsibility, etc. Ashis Nandy
260 ## - PUBLICATION, DISTRIBUTION, ETC. (IMPRINT)
Place of publication, distribution, etc. Oxford University Press,
Date of publication, distribution, etc. 1998
350 ## - PRICE (NR) (BK AM CF MU VM SE) [OBSOLETE]
Price 395
650 ## - SUBJECT ADDED ENTRY--TOPICAL TERM
Topical term or geographic name as entry element Cinema
942 ## - ADDED ENTRY ELEMENTS (KOHA)
Call number prefix 791
Koha item type Library Membar

No items available.